| 000 | 00772nam a2200193 a 4500 | ||
|---|---|---|---|
| 003 | 0 | ||
| 005 | 20250410091201.0 | ||
| 008 | 080527s19uu xx 00 eng d | ||
| 050 |
_aPHS QR 115 _b.F47 2007 |
||
| 100 | _aFernandez, Kim R. | ||
| 245 |
_aThe Effect of extraction temperature on the inhibition efficiency of ginger (Zingiber officinale) against Streptococcus pyogenes / _cKim R. Fernandez. |
||
| 260 |
_aLas PiƱas City, Philippines : _bSouthville International School and Colleges, _c2007. |
||
| 300 |
_a26 pages : _billustrations ; _c28 cm. |
||
| 504 | _aIncludes bibliographical references. | ||
| 650 |
_aGinger _xTherapeutic use. |
||
| 650 |
_aHerbal extracts _xAntibacterial properties. |
||
| 650 |
_aTemperature _xPhysiological effect. |
||
| 942 |
_2lcc _cPASS |
||
| 999 |
_c97821 _d97821 |
||